000
00195nam a2200085Ia 4500
008
120527s9999 xx 000 0 und d
100
_a
SHELENSNYAT,et al.
245
_a
Ovum implatation
942
_c
BK
999
_c
24235
_d
24235